000 00990nam a2200277Ia 4500
003 OSt
005 20221005111417.0
006 a|||||r|||| 00| 0
007 ta
008 221004b |||||||| |||| 00| 0 hin d
020 _a97889350722909 (hbk)
_c200
024 _a11915
037 _b336, 20/03/2014, Vani Prakashan
_cTextual
040 _aCRL
_cCRL
_bhin
041 _2hin
_ahin
082 _aO168,3N12x, 152Q2
100 _aमण्टो, सरआदत हसन
245 0 _aसरकण्डों के पीछे
246 _aSarakaṇḍoan ke pīchhe
260 _aनई दिल्ली
_bवाणी प्रकाशन भारत
_c2012
300 _a102पृ0
_ccm.
490 _aमण्टो अब तक; 11
650 _aहिन्दी साहित्य
942 _hO168,3N12x, 152Q2
_cTEXL
_2cc
999 _c1021770
_d1021770